| 000 | 00516nam a2200181Ia 4500 | ||
|---|---|---|---|
| 999 |
_c1676 _d1676 |
||
| 003 | OSt | ||
| 005 | 20200924145910.0 | ||
| 008 | 190216s9999||||xx |||||||||||||| ||und|| | ||
| 020 | _a8183185061 | ||
| 040 | _coclc | ||
| 082 |
_a660.65 _bARO/G |
||
| 100 |
_aArora, Mohan P _94967 |
||
| 245 | 0 |
_aGenetic Engineering And Cloning / _cMohan P Arora |
|
| 260 |
_bHimalaya Publishing House, _aMumbai: _c2006. |
||
| 300 | _a179p | ||
| 650 | _aBotany | ||
| 942 |
_cBK _2ddc _h660.65 _iARO/G _k660.65 _mARO/G |
||